[Event "AUT-chT 9596"]
[Site "Vorarlberg"]
[Date "1995.??.??"]
[Round "3"]
[White "Gapp, Wolfgang"]
[Black "Welsh, Michael"]
[Result "0-1"]
[WhiteElo "1825"]
[BlackElo "2200"]
[PlyCount "82"]
[EventDate "1995.??.??"]
[EventType "team"]
[EventRounds "9"]
[EventCountry "AUT"]
[SourceTitle "EXT 1999"]
[Source "ChessBase"]
[SourceDate "1998.11.16"]
[SourceVersion "1"]
[SourceVersionDate "1998.11.16"]
[SourceQuality "1"]

1. b4 e5 2. Bb2 Bxb4 3. Bxe5 Nf6 4. Nf3 Nc6 5. e3 Nxe5 6. Nxe5 0-0 7. c3 Ba5 8. Nc4 Bb6 9. d4 d5 10. Nxb6 axb6 11. Bd3 Bg4 12. Qc2 Re8 13. 0-0 Bd7 14. Nd2 Ba4 15. Qb1 Qd6 16. h3 Bd7 17. c4 Bc6 18. Re1 dxc4 19. Bxc4 Ra5 20. Qb3 Re7 21. a4 Rg5 22. Bf1 Re8 23. Qc3 Qd7 24. f4 Rg3 25. Kf2 Nd5 26. Qb3 Rgxe3 27. Rxe3 Rxe3 28. Qxd5 Bxd5 29. Kxe3 Qc6 30. Ra3 Qc1 31. Rd3 Bc4 32. Ke2 Qc2 33. Ke3 Bxd3 34. Bxd3 Qxa4 35. g4 b5 36. d5 b4 37. f5 b3 38. Nb1 b2 39. Be4 Qb3+ 40. Kf4 Qxh3 41. Nd2 g5+ 0-1